| 000 | 00955nam a2200265 i 4500 | ||
|---|---|---|---|
| 001 | 184005 | ||
| 003 | ES-MaACL | ||
| 005 | 20240425112119.0 | ||
| 008 | 150209s20122013bl cp |||| |dpor d | ||
| 020 | _a978-85-89269-53-7 | ||
| 080 | _a821.134.3(81)-1"19/20"(082.2) | ||
| 245 | 0 | 2 |
_aO Livro das Aldravias _b: (nova forma-nova poesia) / _corganizadores: Andreia Donadon Leal, Gabriel Bicalho, J.B. Donadon-Leal. J.S. Ferreira. |
| 250 | _a1ª ed. | ||
| 260 |
_aMariana-MG [Brasil] : _bAldrava Letras e Artes, _c2012. |
||
| 300 |
_a272 p. : _bil., retr. ; _c22 cm. |
||
| 490 | 1 |
_aAldravias ; _v1224 |
|
| 500 | _aÍndice. | ||
| 650 | 7 |
_aPoesía brasileña- _yS.XXI _2 _9154192 |
|
| 700 | 1 |
_aLeal, Andreia Donadon. _9156378 |
|
| 700 | 1 |
_aDonadon-Leal, J. B. _9156375 |
|
| 830 | 0 |
_aAldravias ; _v1224 _9192022 |
|
| 852 |
_aES-MaACL _jA-13366 _9190970 _bR.150127 _cDEPO1 _dOlim: N-6366 |
||
| 942 |
_2udc _cMONOGRAFIA |
||
| 999 |
_c184005 _d184005 |
||